header

Essentials of online payment security and fraud prevention (Record no. 221939)

MARC details
000 -LEADER
fixed length control field 02040nam a2200373 a 4500
082 04 - DEWEY DECIMAL CLASSIFICATION NUMBER
Classification number 332.1/78
100 1# - MAIN ENTRY--AUTHOR NAME
Personal name Montague, David A.,
245 10 - TITLE STATEMENT
Title Essentials of online payment security and fraud prevention
260 ## - PUBLICATION, DISTRIBUTION, ETC. (IMPRINT)
Place of publication Hoboken, N.J. :
Name of publisher Wiley,
Year of publication 2010.
300 ## - PHYSICAL DESCRIPTION
Number of Pages xiii, 290 p. :
Other physical details ill.
490 1# - SERIES STATEMENT
Series statement Essentials series ;
500 ## - GENERAL NOTE
General note Includes index.
520 ## - SUMMARY, ETC.
Summary, etc "Essential guidance for preventing fraud in the card-not-present (CNP) space This book focuses on the prevention of fraud for the card-not-present transaction. The payment process, fraud schemes, and fraud techniques will all focus on these types of transactions ahead. Reveals the top 45 fraud prevention techniques Uniquely focuses on eCommerce fraud essentials Provides the basic concepts around CNP payments and the ways fraud is perpetrated If you do business online, you know fraud is a part of doing business. Essentials of Online Payment Security and Fraud Prevention equips you to prevent fraud in the CNP space." --
650 #0 - SUBJECT ADDED ENTRY--TOPICAL TERM
Topical Term Electronic funds transfers
Topical Term Electronic commerce
856 40 - ELECTRONIC LOCATION AND ACCESS
Uniform Resource Identifier http://site.ebrary.com/lib/rucke/Doc?id=10469834
520 ## - SUMMARY, ETC.
-- Provided by publisher.

No items available.

© 2026 Rongo University
Contact us: librarian | system librarian | Rongo university